000 00296nam a22001217a 4500
082 _a030
_bKNA/R-24
100 _aKNAPP,BRIAN
245 _aSCIENCE IN OUR WORLD: REPRODUCTION & HEREDITY
260 _aUK
_bATLANTIC EUROPE PUBLISHING
300 _a48
650 _aGENERAL KNOWLEDGE
_zUK
942 _cBK
999 _c2049
_d2049